000 00604nam a2200229 a 4500
001 BRCA_7008
005 20190320205657.0
008 231111c1927----gw-#######---#000-0#ger-#
041 _ager
044 _agw
050 4 _aSB409
_b.S33 1927
100 1 _aSchlechter, Rudolph
_917436
245 1 0 _aDie Orchideen ihre beschreibung, Kultur und Züchtung
_cRulph Schlechter
250 _a2
260 _aBerlín
_bF. Parey
_c1927
300 _a959 p.
_bil., 16 láminas, planos
_c25 cm.
500 _aIncluye glosario
500 _aI68
650 1 4 _aOrquídeas
_97665
902 _aGFM
942 _2lcc
_cB
999 _c6689
_d6689